Horror Movies by Quote - Statistics

General Stats
  • This quiz has been taken 193 times
    43 since last reset
  • The average score is 21 of 68
Answer Stats
Quote Year Movie % Correct
"You see, Jason was my son, and today is his birthday..." 1980 Friday the 13th
93%
"Whatever you do... don't fall asleep." 1984 A Nightmare on Elm Street
86%
"You're gonna need a bigger boat." 1975 Jaws
86%
"A boys best friend is his mother." 1960 Psycho
86%
"The power of christ compels you!" 1973 The Exorcist
83%
"But you can't kill the Boogeyman!" 1978 Halloween
76%
"My mom and dad are gonna be so mad at me!" 1996 Scream
76%
"Stop swingin' the bat. Put the bat down, Wendy. Wendy?" 1980 The Shining
72%
"It was bad, Mama. They laughed at me. Hold me, Mama. Please hold me." 1976 Carrie
69%
"That's the last goddam hitchhiker I ever pick up." 1974 The Texas Chainsaw Massacre
66%
"Congratulations. You are still alive. Most people are so ungrateful to be alive. But not you. Not anymore." 2004 Saw
62%
"They're here." 1982 Poltergeist
55%
"Want to play a game of hide and clap?" 2013 The Conjuring
55%
"It puts the lotion on its skin or else it gets the hose again." 1991 The Silence of the Lambs
55%
"Look at me, Damien! It's all for you." 1976 The Omen
48%
"I dunno what the hell's in there, but it's weird and pissed off, whatever it is." 1982 The Thing
45%
"They will say that I have shed innocent blood. What's blood if not for shedding?" 1992 Candyman
41%
"The heart, the heart! Shoot it in the heart!" 1988 Childs Play
41%
"They only see what they want to see. They don't know they're dead." 1996 The Sixth Sense
41%
"I admire its purity. A survivor... unclouded by conscience, remorse, or delusions of morality." 1979 Alien
38%
"It's not the house that is haunted. It's your son." 2010 Insidious
38%
"There coming to get you Barbara." 1968 Night of the Living Dead
38%
"Every dead body that is not exterminated becomes one of them. It gets up and kills! The people it kills gets up and kills!" 1978 Dawn of the Dead
34%
"I will not accept a life I do not deserve!" 2022 X
34%
"You know I can't give you the keys, right, babe?" 2017 Get Out
31%
"We're going to get you. Not another peep. Time to go to sleep." 1981 The Evil Dead
31%
"Be afraid. Be very afraid." 1986 The Fly
31%
"Who are you?" "Explorers, in the further regions of experience. Demons to some, angels to others." 1987 Hellraiser
28%
"Come on, Peter. Wake up." 2018 Hereditary
28%
"Let this be a lesson to you, you silly boy. Never ever invite a vampire into your house, and why? Because it renders you powerless." 1987 The Lost Boys
28%
"Don't cross the salt line." 2025 Weapons
28%
"It could look like someone you know or it could be a stranger in a crowd. Whatever helps it get close to you." 2014 It Follows
24%
"All of our oracles are deliberate products of inbreeding." 2019 Midsommar
24%
"Whenever I see it, I just get this god awful feeling like something really terrible is going to happen. I've never felt scared like I do when I see it." 2022 Smile
24%
"We're gonna be french fries! Human french fries!" 1977 The Hills have Eyes
24%
"What have you done to him, you maniacs!" 1968 Rosemary's Baby
21%
"You keep dancing with the devil... one day he's gonna follow you home." 2025 Sinners
21%
"You can bring me the boy. You can bring me the boy. You can bring me the boy." 2014 The Babadook
21%
"Pretty girls should always smile!" 2024 The Substance
21%
"Where was it when you found it?" "It was over our bed." 2007 Paranormal Activity
17%
"What do you want from us? Goddamnit, this is MY house!" 1979 The Amityville Horror
17%
"I'm afraid to close my eyes, i'm afraid to open them." 1999 The Blair Witch Project
17%
"There was a crooked man... and he walked a crooked mile." 2016 The Conjuring 2
17%
"Hey, there's something down here...." 2005 The Descent
17%
"And to think, if it weren't for you...I never would've danced at all." 2019 Us
17%
"I bet you can squeal like a pig. Weeeeeeeee!" 1972 Deliverance
14%
"Sometimes, dead is better." 1989 Pet Sematary
14%
"Bad luck isn't brought by broken mirrors, but by broken minds." 1977 Suspiria
14%
"I didn't mean to call you meatloaf Jack." 1981 An American Werewolf in London
10%
"Too noisy." 2018 A Quiet Place
10%
"I'm going to kill you." 1974 Black Christmas
10%
"I'm twelve. But I've been twelve for a long time." 2008 Let the Right One In
10%
"What's a bad miracle?" 2022 Nope
10%
"How long have we been on this rock? Five weeks? Two days? Where are we? Help me to recollect." 2019 The Lighthouse
10%
“Plans are pointless. Staying alive’s as good as it gets.” 2002 28 Days Later
7%
"You know, Burke, I don't know which species is worse. You don't see them f***ing each other over for a goddam percentage." 1986 Aliens
7%
"I promise you, the last thing I wanted to do was find the one true religion, but unfortunately I did." 2024 Heretic
7%
"Daddy! Mommy! Un-make me, and save me from the hell of living!" 2024 Longlegs
7%
"Professor, my dreams grow darker. Does evil come from within us, or from beyond?" 2024 Nosferatu
7%
"I let you in." 2022 Talk to me
7%
"We will conquer this wilderness. It will not consume us." 2015 The Witch
7%
"Have you checked the children?" 1979 When a Stranger Calls
7%
"This process might seem overwhelming. But with a little practice, it can soon become a pleasurable experience. This is perfectly natural." 2022 Barbarian
3%
"Oliver is a f***ing weirdo, isn't he?" 2025 Bring Her Back
3%
"When its time for me to die.....stay with me." 1998 Ringu
3%
"Thats right.....who's laughing now! Who's laughing now?!" 1987 Evil Dead II
0%
"You're on their side, aren't you? So, who will you bet with?" 1997 Funny Games
0%
"I can't exist by myself because I'm afraid of myself, because I'm the maker of my own evil." 1981 Possession
0%
No matching quizzes found
Score Distribution
Percent of People with Each Score
Percentile by Number Answered
Your Score History
You have not taken this quiz since the last reset